India : (Record no. 234065)

000 -LEADER
fixed length control field 00721cam a2200229 i 4500
001 - CONTROL NUMBER
control field 1324993
003 - CONTROL NUMBER IDENTIFIER
control field Nust
005 - DATE AND TIME OF LATEST TRANSACTION
control field 20170312121512.0
008 - FIXED-LENGTH DATA ELEMENTS--GENERAL INFORMATION
fixed length control field 780629s1977 enk 000 0 eng
010 ## - LIBRARY OF CONGRESS CONTROL NUMBER
LC control number 78305304
015 ## - NATIONAL BIBLIOGRAPHY NUMBER
National bibliography number GB77-29097
020 ## - INTERNATIONAL STANDARD BOOK NUMBER
International Standard Book Number 9780330487603
040 ## - CATALOGING SOURCE
Original cataloging agency DLC
Transcribing agency DLC
Modifying agency DLC
043 ## - GEOGRAPHIC AREA CODE
Geographic area code a-ii---
050 00 - LIBRARY OF CONGRESS CALL NUMBER
Classification number DS428.2
Item number .N34 1977
082 ## - DEWEY DECIMAL CLASSIFICATION NUMBER
Classification number 954.0520924
Author Mark NAI
100 1# - MAIN ENTRY--PERSONAL NAME
Personal name Naipaul, V. S.
Fuller form of name (Vidiadhar Surajprasad),
Dates associated with a name 1932-
245 10 - TITLE STATEMENT
Title India :
Remainder of title a wounded civilization /
Statement of responsibility, etc. by V. S. Naipaul.
260 ## - PUBLICATION, DISTRIBUTION, ETC.
Place of publication, distribution, etc. London :
Name of publisher, distributor, etc. Deutsch,
Date of publication, distribution, etc. 1977.
300 ## - PHYSICAL DESCRIPTION
Extent 161 p. ;
Dimensions 23 cm.
651 #0 - SUBJECT ADDED ENTRY--GEOGRAPHIC NAME
Geographic name India
General subdivision Civilization.
906 ## - LOCAL DATA ELEMENT F, LDF (RLIN)
a 7
b cbc
c orignew
d 3
e ncip
f 19
g y-gencatlg
942 ## - ADDED ENTRY ELEMENTS (KOHA)
Source of classification or shelving scheme
Koha item type Book
Holdings
Withdrawn status Lost status Source of classification or shelving scheme Damaged status Not for loan Permanent Location Current Location Shelving location Date acquired Total Checkouts Full call number Barcode Date last seen Date last checked out Copy number Price effective from Koha item type
          Central Library (CL) Central Library (CL) Book Cart 03/12/2017 1 954.0520924 NAI CL1385 05/10/2022 04/14/2017 1 03/12/2017 Book
© 2023 Central Library, National University of Sciences and Technology. All Rights Reserved.